000
00208 a2200097 4500
001
6972
100
_a
Spreadbury, E
245
_a
Television receiver servicing
260
_a
_b
Iliffe
_c
090
_c
5756
_d
5756
942
_a
NUST-CAE
_c
M
_c
32218
999
_c
242045
_d
242045